Industrialización y reproducción capitalista en Panamá

Guardat en:
Dades bibliogràfiques
Autor principal: González Henriquez, Simeón Emilio
Format: Text
Publicat: Panamá: CELA "Justo Arosemena"
Edició:0
Etiquetes: Afegir etiqueta
Sense etiquetes, Sigues el primer a etiquetar aquest registre!

MARC

LEADER 00000 a a2200000 04500
001 15881
003
040
090 |a 016700  
100 |a González Henriquez, Simeón Emilio  
245 |a Industrialización y reproducción capitalista en Panamá  
250 |a 0  
260 |a Panamá:   |b CELA "Justo Arosemena"  
300 |a 16 p.  
999 |c 2436  |d 2436